The move to accrual based accounting: the challenges facing central government (Record no. 70042)

000 -LEADER
fixed length control field 00510pab a2200181 454500
008 - FIXED-LENGTH DATA ELEMENTS--GENERAL INFORMATION
fixed length control field 180718b2005 xxu||||| |||| 00| 0 eng d
100 ## - MAIN ENTRY--PERSONAL NAME
Personal name Marty, Frederic
245 ## - TITLE STATEMENT
Title The move to accrual based accounting: the challenges facing central government
260 ## - PUBLICATION, DISTRIBUTION, ETC.
Date of publication, distribution, etc. 2005
300 ## - PHYSICAL DESCRIPTION
Extent p.203-21.
362 ## - DATES OF PUBLICATION AND/OR SEQUENTIAL DESIGNATION
Dates of publication and/or sequential designation Jun
650 ## - SUBJECT ADDED ENTRY--TOPICAL TERM
Topical term or geographic name entry element Accounting
650 ## - SUBJECT ADDED ENTRY--TOPICAL TERM
Topical term or geographic name entry element Central government
700 ## - ADDED ENTRY--PERSONAL NAME
Personal name Voisin, Arnaud
700 ## - ADDED ENTRY--PERSONAL NAME
Personal name Trosa, Sylvie
773 ## - HOST ITEM ENTRY
Main entry heading International Review of Administrative Sciences
909 ## -
-- 70042
Holdings
Withdrawn status Lost status Damaged status Not for loan Permanent Location Current Location Date acquired Serial Enumeration / chronology Barcode Date last seen Price effective from Koha item type
        Indian Institute of Public Administration Indian Institute of Public Administration 2018-07-19 Volume no: 72, Issue no: 2 AR70498 2018-07-19 2018-07-19 Articles

Powered by Koha